Normal view MARC view

Entry Personal Name

Number of records used in: 1

001 - CONTROL NUMBER

  • control field: 21719

003 - CONTROL NUMBER IDENTIFIER

  • control field: dpl

005 - DATE AND TIME OF LATEST TRANSACTION

  • control field: 20100925153913.0

008 - FIXED-LENGTH DATA ELEMENTS

  • fixed length control field: 100925|||a|||||| | ||| d

040 ## - CATALOGING SOURCE

  • Original cataloging agency: dpl
  • Transcribing agency: dpl

100 ## - HEADING--PERSONAL NAME

  • Personal name: Leibling, Mike

670 ## - SOURCE DATA FOUND

  • Source citation: Work cat.: (dpl)35560: Leibling, Mike , Working with the enemy:, 2010

670 ## - SOURCE DATA FOUND

  • Source citation: Work cat.: (dpl)35560: Leibling, Mike , Working with the enemy:, 2010

© Delhi Public Library
Hit Counter
free hit counter